El mundo como voluntad y representación III y IV
Spremljeno u:
| Glavni autor: | |
|---|---|
| Format: | Knjiga |
| Jezik: | Spanish |
| Izdano: |
Barcelona, España
Ediciones Folio
2002
|
| Teme: | |
| Oznake: |
Dodaj oznaku
Bez oznaka, Budi prvi tko označuje ovaj zapis!
|
MARC
| LEADER | 00000nam a2200000Ia 4500 | ||
|---|---|---|---|
| 008 | 170316s9999 xx 000 0 spa d | ||
| 999 | |c 30852 |d 30852 | ||
| 040 | |a cru BVZT | ||
| 090 | |a 100 S-25mu III y IV | ||
| 100 | |a Schopenhauer, Arthur | ||
| 245 | |a El mundo como voluntad y representación III y IV |c Arthur Schopenhauer | ||
| 260 | |a Barcelona, España | ||
| 260 | |b Ediciones Folio | ||
| 260 | |c 2002 | ||
| 300 | |a 219 páginas | ||
| 650 | |a FILOSOFÍA |9 5 | ||
| 650 | |a SCHOPENHAUER ARTHUR | ||
| 650 | |a EL MUNDO EN TODOS LOS ASPECTOS | ||
| 650 | |a EL MUNDO COMO VOLUNTAD | ||
| 650 | |a EL MUNDO COMO REPRESENTACIÓN | ||
| 650 | |a ESTÉTICA | ||
| 650 | |a ÉTICA |9 104 | ||
| 650 | |a PLATÓN | ||
| 650 | |a EL ARTE | ||
| 942 | |c 4 D |h 100 S-25mu III y IV |2 z | ||
